La energía solar y las bombas de calor
Saved in:
| Hovedforfatter: | |
|---|---|
| Format: | Bog |
| Sprog: | spansk |
| Udgivet: |
Buenos Aires
Lidiun
1986
|
| Serier: | Serie Sepa Usted
|
| Fag: | |
| Tags: |
Tilføj Tag
Ingen Tags, Vær først til at tagge denne postø!
|
MARC
| LEADER | 00000nam a2200000 a 4500 | ||
|---|---|---|---|
| 001 | UCW2084 | ||
| 003 | CL-VaPUC | ||
| 008 | 910814e19860000AG |||||||||||||||||spa|d | ||
| 082 | 0 | 4 | |a 621.47 |b BAC |2 21 |
| 100 | 0 | |a Bacq, Raymond |e author |9 306046 | |
| 245 | 1 | 3 | |a La energía solar y las bombas de calor |
| 300 | |a 156 p | ||
| 942 | |c BK | ||
| 945 | |d 19910814 00:00:00 | ||
| 260 | |a Buenos Aires |b Lidiun |c 1986 | ||
| 650 | 7 | |a ENERGIA SOLAR |2 CL-VaPUC |9 306047 | |
| 650 | 7 | |a BOMBAS DE CALOR |2 CL-VaPUC |9 271749 | |
| 583 | |a last modification |c 19910814 00:00:00 |k Rodrigo Vera | ||
| 490 | 0 | |a Serie Sepa Usted | |
| 999 | |c 216724 |d 216722 | ||